| 000 | 00640nam a2200193Ia 4500 | ||
|---|---|---|---|
| 003 | GCL | ||
| 008 | 140319s9999 xx 000 0 ara d | ||
| 040 |
_aGCL / _cGCL |
||
| 082 | 0 | 4 |
_aق _b962.062 _bم ق |
| 100 | 1 | _aالمطبعة الاميرية | |
| 245 | 1 | 0 |
_aالقضية المصرية (1954-1882) / _cالمطبعة الاميرية |
| 260 |
_aالقاهرة : _bالمطبعة الاميرية ، _c1955 |
||
| 300 |
_aمتعدد ؛ _c24 سم |
||
| 490 | _a | ||
| 650 | 0 | 4 | _aثورة 23 يوليو 1952 |
| 650 | 0 | 4 | _aمعاهدة 1936 |
| 650 | 0 | 4 | _aمصر - تاريخ - العصر الحديث (1805 - 1956 ) |
| 942 |
_2ddc _cBK |
||
| 999 |
_c58607 _d58607 |
||